00485 2200193 4500001002100000005001500021035002000036007000300056008004100059020002200100082000800122084001400130100001400144245004300158260004200201300001600243650001700259856001500276INLIS00000000000818420260409113707 a0010-0426000004ta260409 0 ind  a978-602-6785-43-5 a300 a300 YAN m0 aYanto,dkk1 aMenjadi Mahasiswa Brilian /cYanto,dkk aJambi :bSalim Media Indonesia,c2016 a121 ;c21cm 4aPEMBELAJARAN aMATEMATIKA